000
00185 a2200097 4500
020
_a
9780736860079
041
_a
spa
100
_a
Bauer,David
245
_a
Seà¨les y rotulos
942
_c
BK
999
_c
9356
_d
9356